Journal of economics Zeitschrift für Nationalökonomie

Na minha lista:
Detalhes bibliográficos
Formato: Periódico
Idioma:inglês
Publicado em: Wien Springer 1995
Assuntos:
Tags: Adicionar Tag
Sem tags, seja o primeiro a adicionar uma tag!

MARC

LEADER 00000nas2a2200000 4500
001 s102335
005 20240109100522.3
022 |a 0931-8658 
041 0 |a eng 
044 |a AT 
245 1 0 |a Journal of economics  |b Zeitschrift für Nationalökonomie 
264 1 |a Wien  |b Springer  |c 1995 
300 |a 2 zv. 
773 0 |w eu_un_cat*s120496 
610 2 0 |a hospodárstvo národné 
610 2 0 |a analýza ekonomická